000 00680nam a2200229 a 4500
001 72887
003 BD-RjUL
005 20211209082324.0
008 170524r19621956enka 001 0 eng d
035 _a(BD-RjUL)73105
040 _aBD-RjUL
_beng
_cBD-RjUL
_dBD-RjUL
041 _aeng
082 _223
_a548
_bPHI 1962
100 1 _aPhillips, F. C.
_q(Frank Coles),
_d1902-1982.
_9160913
245 1 3 _aAn introduction to crystallography /
_cF.C. Phillips.
250 _a2nd ed.
260 _aLondon :
_bLongmans, Green,
_c1956 [impression 1962].
300 _aviii, 324 p. :
_bill. ;
_c22 cm.
500 _aIncludes index.
650 0 _aCrystallography.
_9215592
942 _2ddc
_cBK
999 _c72887
_d72887